Base aériennes de l'Armée de l'Air et de l'Espace - Statistiques

Statistiques générales
  • Ce quiz a été pris 160 fois
  • Le résultat moyen est 14 sur 26
Statistiques - réponses
Numéro Base % Correct
125 Istres-Le Tubé
78%
115 Orange-Caritat
78%
118 Mont de Marsan
74%
105 Evreux-Fauville
70%
123 Orléans-Bricy
66%
106 Bordeaux-Mérignac
65%
701 Salon-de-Provence
64%
133 Nancy-Ochey
61%
705 Tours
61%
120 Cazaux
57%
942 Lyon-Mont Verdun
57%
113 Saint-Dizier-Robinson
57%
721 Rochefort
56%
107 Villacoublay
56%
110 Creil
55%
709 Cognac-Châteaubernard
52%
702 Avord
49%
722 Saintes-Thénac
49%
116 Luxeuil-Saint Sauveur
45%
126 Solenzara
44%
367 Cayenne-Rochambeau
40%
204 Mérignac-Beauséjour
38%
749 Grenoble-Montbonnot
26%
186 Nouméa-La Tontoua
26%
273 Romorantin-Pruniers
18%
278 Ambérieu-en-Bugey
14%
Aucun quiz correspondant
Distribution des résultats
% des personnes avec chaque résultat
Percentile par nombre de réponses
Votre historique - résultats
Vous n’avez pas pris ce quiz